Un festival sous le regard de ses spectateurs : (notice nᵒ 12733)
[ vue normale ]
| 000 -LEADER | |
|---|---|
| fixed length control field | 02494 a2200349 4500 |
| 001 - CONTROL NUMBER | |
| control field | OB-purh-10533 |
| 003 - CONTROL NUMBER IDENTIFIER | |
| control field | FrMaCLE |
| 005 - DATE AND TIME OF LATEST TRANSACTION | |
| control field | 20251214082806.0 |
| 007 - PHYSICAL DESCRIPTION FIXED FIELD--GENERAL INFORMATION | |
| fixed length control field | cu ||||||m|||| |
| 008 - FIXED-LENGTH DATA ELEMENTS--GENERAL INFORMATION | |
| fixed length control field | 181106e||||||||xx |||||s|||||||||0|fr|d |
| 020 ## - INTERNATIONAL STANDARD BOOK NUMBER | |
| International Standard Book Number | 979-10-240-1071-7 |
| 024 7# - OTHER STANDARD IDENTIFIER | |
| Standard number or code | 10.4000/books.purh.10533 |
| Source of number or code | doi |
| 040 ## - CATALOGING SOURCE | |
| Original cataloging agency | FR-FrMaCLE |
| 041 ## - LANGUAGE CODE | |
| Language code of text/sound track or separate title | fra |
| 100 1# - MAIN ENTRY--PERSONAL NAME | |
| Personal name | Féménias, Damien |
| 245 13 - TITLE STATEMENT | |
| Title | Un festival sous le regard de ses spectateurs : |
| Remainder of title | Viva Cité, le public est dans la rue / |
| Statement of responsibility, etc. | Damien Féménias, Pascal Roland, Betty Lefèvre. |
| 260 ## - PUBLICATION, DISTRIBUTION, ETC. | |
| Place of publication, distribution, etc. | Mont-Saint-Aignan : |
| Name of publisher, distributor, etc. | Presses universitaires de Rouen et du Havre, |
| Date of publication, distribution, etc. | 2018. |
| 300 ## - PHYSICAL DESCRIPTION | |
| Extent | 270 p. |
| 500 ## - GENERAL NOTE | |
| General note | Ebook |
| 520 ## - SUMMARY, ETC. | |
| Summary, etc. | VIVA CITÉ est un festival des arts de la rue qui anime Sotteville-lès-Rouen depuis bientôt vingt ans. Qui sont ses publics ? Qu’y font-ils ? Qu’y voient-ils ? Qu’y vivent-ils ? Si la rue est le lieu du bien commun, comment un festival comme Viva Cité y fabrique-t-il du lien pendant un temps de création partagé ? La parole étant donnée aux spectateurs de cette manifestation, il s’agit d’interroger cet événement par les récits qu’il engendre, dans sa capacité à transformer (réellement ou symboliquement) temps et espaces, à modifier les modalités de réception des spectacles. Ce festival, qui mobilise l’agglomération rouennaise, constitue aussi un vaste « théâtre » où se mettent en scène des rêves de société, où la mixité sociale serait re-créée, où le monde commun serait plus juste et plus équitable. Autant d’éléments réflexifs qui donnent à lire cette manifestation comme un tout artistique, social et politique où chacun témoigne, à sa façon, non seulement de ce qui fonde la vie collective mais aussi, à travers la proximité de l’art, de l'invention de soi. Les propos recueillis proposent une définition implicite du théâtre de rue qui sou ligne la nécessité de l’effervescence dans la constitution du social et qu’incarne la fête, expression de la vitalité. |
| 540 ## - TERMS GOVERNING USE AND REPRODUCTION NOTE | |
| Terms governing use and reproduction | OpenEdition Books License |
| Uniform Resource Identifier | <a href="https://www.openedition.org/12554">https://www.openedition.org/12554</a> |
| 650 #4 - SUBJECT ADDED ENTRY--TOPICAL TERM | |
| Topical term or geographic name entry element | Art |
| Topical term or geographic name entry element | festival |
| Topical term or geographic name entry element | spectacle |
| Topical term or geographic name entry element | Sotteville-lès-Rouen |
| Topical term or geographic name entry element | Viva Cité |
| Topical term or geographic name entry element | arts de la rue |
| 700 1# - ADDED ENTRY--PERSONAL NAME | |
| Personal name | Roland, Pascal |
| Personal name | Lefèvre, Betty |
| 776 ## - ADDITIONAL PHYSICAL FORM ENTRY | |
| International Standard Book Number | 978-2-87775-455-2 |
| 856 4# - ELECTRONIC LOCATION AND ACCESS | |
| Data provenance | Féménias, Damien |
| Uniform Resource Identifier | <a href="https://books.openedition.org/purh/10533">https://books.openedition.org/purh/10533</a> |
| Link text | Un festival sous le regard de ses spectateurs |
Pas d'exemplaire disponible.
